El Municipalisme català : ACM 25 anys / pròleg: Joan Maria Roig i Grau ; direcció: Josep Maria Matas i Babón ; text i coordinació: Aleix Catasús Oliart ACM 25 anys / pròleg:
ISBN:
84-95946-71-8
Descripción Física:
145 p. : fot. col. ; 23 cm
MARC
| LEADER | 00000nam a2200000Ia 4500 | ||
|---|---|---|---|
| 001 | 21706 | ||
| 008 | 160829s2006 xx 000 0 cat d | ||
| 020 | |a 84-95946-71-8 | ||
| 080 | |a M-6-226 | ||
| 245 | |a El Municipalisme català : |b ACM 25 anys / pròleg: |b Joan Maria Roig i Grau ; direcció: |b Josep Maria Matas i Babón ; text i coordinació: |b Aleix Catasús Oliart | ||
| 260 | |a Barcelona : |b Associació Catalana de Municipis i Comarques, |c 2006 | ||
| 300 | |a 145 p. : |b fot. col. ; |c 23 cm | ||
| 610 | 2 | 0 | |a Associació Catalana de Municipis i Comarques |9 51149 |
| 650 | 0 | |a Municipis |z Catalunya |9 10549 | |
| 700 | |a Roig i Grau, Joan Maria, pr. |9 46063 | ||
| 700 | |a Matas i Babón, Josep Maria, dir. |9 46064 | ||
| 700 | |a Catasús Oliart, Aleix, coord. I |9 46065 | ||
| 710 | 2 | |a Associació Catalana de Municipis i Comarques |9 51149 | |
| 901 | |a Arxiu | ||
| 942 | |n 1 | ||
| 952 | |0 0 |1 0 |4 0 |6 M6226 |7 1 |9 52955 |a Arxiu |b Arxiu |d 2016-12-01 |l 0 |o M-6-226 |p 21706 |r 2016-12-01 00:00:00 |w 2016-12-01 |y ARXIU | ||
| 999 | |c 56804 |d 56804 | ||